Countries with the most Desert - Statistics

General Stats
  • This quiz has been taken 33 times
  • The average score is 15 of 21
Answer Stats
Approx. Percentage Answer % Correct
82% Mali
92%
62% Morocco
92%
91% Saudi Arabia
92%
94% Algeria
88%
99% Libya
88%
64% Chad
81%
64% Tunisia
81%
97% Mauritania
77%
90% Niger
77%
86% Syria
77%
89% Iraq
73%
100% Kuwait
73%
90% Eritrea
65%
75% Israel
65%
100% Qatar
65%
86% Afghanistan
58%
99% Bahrain
58%
90% Djibouti
58%
76% Turkmenistan
50%
87% Uzbekistan
42%
100% United Arab Emerates
0%
No matching quizzes found
Score Distribution
Percent of People with Each Score
Percentile by Number Answered
Your Score History
You have not taken this quiz